| 000 | 00568cam a2200205ua 4500 | ||
|---|---|---|---|
| 001 | 6428 | ||
| 008 | 140304n ii |||gr||||Z||||||asm | ||
| 020 | _a81-7096-185-8 | ||
| 040 | _cMAIN | ||
| 082 | _a513 | ||
| 245 |
_aUchhatar madhyamik banijyik patiganit aru prathamik parishankhya vigyan _cBy N.K. Nag |
||
| 250 | _a3rd ed. | ||
| 260 |
_aLudhiana: _bKalyani publishers, _c1998. |
||
| 300 | _aviii,537p. | ||
| 653 | _aArithmetic | ||
| 653 | _aBusiness mathematics & statistics | ||
| 700 |
_aNag,N.K., _eAuthor., |
||
| 700 |
_aChanda,S.C., _eAuthor. |
||
| 942 | _cBK | ||
| 999 |
_c5577 _d5577 |
||